Soil research in India : Some oversights and failures (Record no. 68863)

MARC details
000 -LEADER
fixed length control field 00509nam a2200181Ia 4500
100 ## - MAIN ENTRY--AUTHOR NAME
Personal name Chhonkar P K
245 #0 - TITLE STATEMENT
Title Soil research in India : Some oversights and failures
260 ## - PUBLICATION, DISTRIBUTION, ETC. (IMPRINT)
Name of publisher Journal of the Indian Society of Soil Science
Year of publication 2002
300 ## - PHYSICAL DESCRIPTION
Number of Pages 328-332
650 ## - SUBJECT ADDED ENTRY--TOPICAL TERM
Topical Term Bioremediation
650 ## - SUBJECT ADDED ENTRY--TOPICAL TERM
Topical Term Nutrient flow
650 ## - SUBJECT ADDED ENTRY--TOPICAL TERM
Topical Term Organic farming
650 ## - SUBJECT ADDED ENTRY--TOPICAL TERM
Topical Term Soil biodiversity
650 ## - SUBJECT ADDED ENTRY--TOPICAL TERM
Topical Term Soil biotechnology
650 ## - SUBJECT ADDED ENTRY--TOPICAL TERM
Topical Term Soil quality
942 ## - ADDED ENTRY ELEMENTS (KOHA)
Koha item type Journals
Holdings
Withdrawn status Lost status Damaged status Not for loan Home library Current library Shelving location Date acquired Serial Enumeration / chronology Koha item type
      Journals RRII Library RRII Library Soils and agonomy 23/04/2003 Volume 50, Issue 4 Journals